000 00585cam a2200217 i 4500
001 2755828
005 20180213032245.0
008 791012s1979 paua b 001 0 eng
010 _a 79064777
020 _a0721675956
040 _aDLC
_cDLC
_dDLC
041 _aeng
080 _a616.07 ROB
082 0 0 _a616.07 ROB
100 1 _a9
101 _aPAT
245 1 0 _aPathologic basis of disease /
_cStanley L. Robbins, Ramzi S. Cotran.
504 _aIncludes bibliographical references and index.
906 _a7
_bcbc
_corignew
_d2
_eopcn
_f19
_gy-gencatlg
942 _2ddc
_cBK
999 _c42325
_d42325